El Hombre que parecía caballo

שמור ב:
מידע ביבליוגרפי
מחבר ראשי: Martínez, Arévalo
מחבר תאגידי: CSUCA
פורמט: Texto
יצא לאור: San José: EDUCA
תגים: הוספת תג
אין תגיות, היה/י הראשונ/ה לתייג את הרשומה!

MARC

LEADER 00000 a a2200000 04500
001 23337
003
040
020 |a 84-8360-160-5  
090 |a 161800  
100 |a Martínez, Arévalo  
110 |a CSUCA  
245 |a El Hombre que parecía caballo  
260 |a San José:   |b EDUCA  
300 |a 154 p.  
999 |c 13179  |d 13179